000 00384nam a2200157Ia 4500
003 Ost
005 20260225132537.0
008 260225s9999||||xx |||||||||||||| ||und||
040 _cfsic
041 _afre
082 _a809.3876
100 _aGribert hottois
_eAuteur
245 0 _aScience-fiction et fiction spéculative sous dire /
245 0 _cGribert hottois
942 _cكتاب
999 _c33299
_d33299